000
00344nam a2200133 a 4500
005
20140513081057.0
008
080110s19uu xx 00 eng d
050
_a
VCD
_b
Pr954 2006
245
_a
Princess stories :
_b
beauty shines from within.
260
_b
Walt Disney,
_c
2006.
440
_a
Walt Disney
500
_a
Volume 3
999
_c
116608
_d
116608